Applied Mathematics for Engineers and Physicists (Record no. 194816)
[ view plain ]
| 000 -LEADER | |
|---|---|
| fixed length control field | 00739 a2200169 4500 |
| 003 - CONTROL NUMBER IDENTIFIER | |
| control field | Nust |
| 005 - DATE AND TIME OF LATEST TRANSACTION | |
| control field | 20170207154204.0 |
| 040 ## - CATALOGING SOURCE | |
| Transcribing agency | Nust |
| 082 ## - DEWEY DECIMAL CLASSIFICATION NUMBER | |
| Classification number | 510 |
| 100 ## - MAIN ENTRY--PERSONAL NAME | |
| Personal name | A.Pipes, Louis |
| 245 ## - TITLE STATEMENT | |
| Title | Applied Mathematics for Engineers and Physicists |
| Statement of responsibility, etc. | Louis A.Pipes, |
| 250 ## - EDITION STATEMENT | |
| Edition statement | 3rd Ed |
| 260 ## - PUBLICATION, DISTRIBUTION, ETC. | |
| Place of publication, distribution, etc. | McGraw Hill Book Comany |
| Name of publisher, distributor, etc. | New York |
| Date of publication, distribution, etc. | 1958 |
| 300 ## - PHYSICAL DESCRIPTION | |
| Extent | 1015 p |
| 505 ## - FORMATTED CONTENTS NOTE | |
| Formatted contents note | The Theory of Complex Variables (Page-1) Linear Differntial Equations (Page-53) Laplace Transforms (Page-143) Oscillations of Linear Mechanical Systems (Page-223) Transfer Functions and Impulse (Page-306) The Wave Equation (Page-435) Operaiional Mehtods in Applied Mathematical (Page-483) The Analysis of Nonlinear (Page-596) |
| 650 ## - SUBJECT ADDED ENTRY--TOPICAL TERM | |
| Topical term or geographic name entry element | Applied Mathematics |
| 942 ## - ADDED ENTRY ELEMENTS (KOHA) | |
| Source of classification or shelving scheme | |
| Koha item type | Book |
| Withdrawn status | Lost status | Source of classification or shelving scheme | Damaged status | Not for loan | Collection code | Permanent Location | Current Location | Date acquired | Total Checkouts | Full call number | Barcode | Date last seen | Price effective from | Koha item type |
|---|---|---|---|---|---|---|---|---|---|---|---|---|---|---|
| Military College of Signals (MCS) | Military College of Signals (MCS) | 12/12/2016 | 510 PIP | MCS1411 | 12/08/2016 | 12/12/2016 | Book | |||||||
| Military College of Signals (MCS) | Military College of Signals (MCS) | 12/12/2016 | 510 PIP | MCS1412 | 12/08/2016 | 12/12/2016 | Book | |||||||
| Military College of Signals (MCS) | Military College of Signals (MCS) | 12/12/2016 | 510 PIP | MCS1413 | 12/08/2016 | 12/12/2016 | Book |
